Mā hiya al-nahḍah (Record no. 45715)

MARC details
000 -LEADER
fixed length control field 00661cam a22002291 4500
001 - CONTROL NUMBER
control field ne 63000623
003 - CONTROL NUMBER IDENTIFIER
control field DLC
005 - DATE AND TIME OF LATEST TRANSACTION
control field 20260227111743.0
008 - FIXED-LENGTH DATA ELEMENTS--GENERAL INFORMATION
fixed length control field 890105s1962 le 000 0 ara c
010 ## - LIBRARY OF CONGRESS CONTROL NUMBER
LC control number ne 63000623
025 ## - OVERSEAS ACQUISITION NUMBER
Overseas acquisition number PL480:UAR-1823
035 ## - SYSTEM CONTROL NUMBER
System control number (OCoLC)18973492
040 ## - CATALOGING SOURCE
Original cataloging agency Princeton Univ. Libr. for LC
Transcribing agency WaU
Modifying agency WaU
-- DLC
042 ## - AUTHENTICATION CODE
Authentication code premarc
050 00 - LIBRARY OF CONGRESS CALL NUMBER
Classification number CB113.A7
Item number M8
100 1# - MAIN ENTRY--PERSONAL NAME
Personal name Mūsá, Salāmah,
Dates associated with a name 1887-1958.
245 10 - TITLE STATEMENT
Title Mā hiya al-nahḍah
Statement of responsibility, etc. [taʼlīf] Salāmah Mūsá.
250 ## - EDITION STATEMENT
Edition statement [al-Ṭabʻah al-ūlá]
260 ## - PUBLICATION, DISTRIBUTION, ETC.
Place of publication, distribution, etc. Bayrūt,
Name of publisher, distributor, etc. Maktabat al-Maʻārif
Date of publication, distribution, etc. [1962]
300 ## - PHYSICAL DESCRIPTION
Extent 144 p.
Dimensions 20 cm.
650 #0 - SUBJECT ADDED ENTRY--TOPICAL TERM
Topical term or geographic name entry element Civilization
General subdivision History.

No items available.

Powered by Koha